|
|
|
|
| LEADER |
00881nam a2200229 a 4500 |
| 001 |
GR-MES4968 |
| 008 |
991111s gr 000 0 gre d |
| 020 |
|
|
|a 9602861258
|
| 040 |
|
|
|a GrPaTEI
|b gre
|c GR-PaULI
|
| 245 |
0 |
0 |
|a Ανατομικός atlas physiology and pathology in neurophychology neuroglos sology.
|
| 260 |
|
|
|a Αθήνα :
|b Ελλην,
|c c1994
|
| 300 |
|
|
|a 173σελ. :
|b πιν.,σχεδ.
|
| 650 |
|
4 |
|a ΝΕΥΡΟΓΛΩΣΣΟΛΟΓΙΑ
|
| 650 |
|
4 |
|a ΝΕΥΡΟΨΥΧΟΛΟΓΙΑ
|
| 650 |
|
4 |
|a Παθολογία
|
| 700 |
1 |
|
|a Dalla, v
|
| 700 |
1 |
|
|a Karpathiou, C.
|
| 710 |
0 |
|
|a Ελλην
|
| 942 |
|
|
|2 ddc
|
| 952 |
|
|
|0 0
|1 0
|2 ddc
|4 0
|6 612_800000000000000_KAR
|7 0
|9 269605
|a MSLG
|b MSLG
|c BSC
|d 2021-01-17
|e 24
|f 0
|g 0.00
|l 0
|o 612.8 KAR
|p 2420000007114
|r 2021-01-17 00:00:00
|t 1
|w 2021-01-17
|y BK15
|x 19991111 0 1
|x GrPaTEI
|
| 971 |
|
|
|a .b25760154
|b 15-04-20
|c 13-09-16
|
| 999 |
|
|
|c 155582
|d 155582
|